000 00500nam a2200181Ia 4500
005 20250326124046.0
008 250326s9999 xx 000 0 und d
037 _aTextbook
040 _aFMSL
_beng
_cFMSL
041 _aeng
_2eng
084 _aX.41 K7
_qFMSL
100 _aDonnithorne A
_9736688
245 0 _aChina's economic system
_cDonnithorne A
260 _aLondon
_bLondon, George Allen And Unwin
_c1967
300 _a592p
942 _cTB
_hX.41 K7
999 _c1272087
_d1272087